<?xml version="1.0" encoding="UTF-8"?>
<marc:record xmlns:marc="http://www.loc.gov/MARC21/slim">
   <marc:leader>00000nam a2200000 a 4500</marc:leader>
   <marc:datafield ind1="1" ind2=" " tag="100">
      <marc:subfield code="a">Zdenek, Smetana</marc:subfield>
      <marc:subfield code="4">aut</marc:subfield>
      <marc:subfield code="e">Verfasser/-in</marc:subfield>
   </marc:datafield>
   <marc:datafield ind1="0" ind2="0" tag="245">
      <marc:subfield code="a">Die kleine Hexe</marc:subfield>
   </marc:datafield>
   <marc:datafield ind1="0" ind2="0" tag="245">
      <marc:subfield code="b">Verfilmung nach dem Buch von Otfried Preussler</marc:subfield>
   </marc:datafield>
   <marc:datafield ind1="0" ind2="0" tag="245">
      <marc:subfield code="c">Zdenek, Smetana</marc:subfield>
   </marc:datafield>
   <marc:datafield ind1=" " ind2="1" tag="264">
      <marc:subfield code="c">2006</marc:subfield>
   </marc:datafield>
   <marc:datafield ind1="1" ind2=" " tag="520">
      <marc:subfield code="a">Die 'kleine Hexe', die 127 Jahre alt und im besten Hexenschulalter ist, weiß nicht, dass nur böse Hexen gute Hexen sind. Sie schwänzt die Schule, fliegt auf dem Besen durch die Lüfte, zaubert schöne Sachen für Mensch und Tier herbei. Das missfällt den alten Hexen genauso wie ihre Vorwitzigkeit in der Walpurgisnacht. Der kleinen Hexe steht eine schwere Prüfung bevor: Sie soll beweisen, dass sie eine richtig böse Hexe ist. Mit Hilfe des Raben Abraxas, der sie streng aber liebevoll umsorgt, kann sie die schlimmen Mithexen unschädlich machen.</marc:subfield>
   </marc:datafield>
   <marc:datafield ind1=" " ind2=" " tag="041">
      <marc:subfield code="a">ger</marc:subfield>
   </marc:datafield>
   <marc:datafield ind1=" " ind2=" " tag="338">
      <marc:subfield code="a">Videodisk</marc:subfield>
   </marc:datafield>
   <marc:datafield ind1=" " ind2=" " tag="300">
      <marc:subfield code="a">89 Min.</marc:subfield>
   </marc:datafield>
</marc:record>
